Lieto disonore /

I tiakina i:
Ngā taipitopito rārangi puna kōrero
Kaituhi matua: Cantisano, Maurizio (Author)
Ētahi atu kaituhi: Bellezza, Dario
Hōputu: Pukapuka
Reo:Itāriana
I whakaputaina: Roma : Ianua, c1990
Rangatū:Edizione del Giano
Ngā Tūtohu: Tāpirihia he Tūtohu
Kāore He Tūtohu, Me noho koe te mea tuatahi ki te tūtohu i tēnei pūkete!

MARC

LEADER 00000nam a22000007i 4500
001 IT\ICCU\UBO\3150375
003 ItRI
005 20260115232242.0
008 070221s1990 it |||||| ||||| |||||c
040 |b ita  |c importazione bologna sebina 
041 7 |a ita  |2 ISO-639-2 
100 1 |a Cantisano, Maurizio  |0 IT\ICCU\UBOV\078176  |4 aut 
245 1 0 |a Lieto disonore /  |c Maurizio Cantisano ; prefazione di Dario Bellezza. 
260 |a Roma :  |b Ianua,  |c c1990 
300 |a 64 p. :  |b ill. ;  |c 21 cm. 
700 1 |a Bellezza, Dario  |0 IT\ICCU\CFIV\004133 
830 0 |a Edizione del Giano  |0 IT\ICCU\RML\0093840 
942 |2 ddc  |c BK  |n 0 
952 |0 0  |1 0  |4 0  |6 DOC_851_914000000000000_CAN  |7 0  |9 22969  |a BO  |b BO  |d 2026-01-15  |i 2431  |l 0  |o DOC 851.914 CAN  |p BO2431  |r 2026-01-15 23:22:42  |w 2026-01-15  |x [Sebina 5] [1 v.]  |y BK  |z 1 v. 
999 |c 19599  |d 19599